STORY OF HOPE : (Record no. 7541)
[ view plain ]
| 000 -LEADER | |
|---|---|
| fixed length control field | 00897nam a22002177a 4500 |
| 003 - CONTROL NUMBER IDENTIFIER | |
| control field | OSt |
| 005 - DATE AND TIME OF LATEST TRANSACTION | |
| control field | 20260120052324.0 |
| 008 - FIXED-LENGTH DATA ELEMENTS--GENERAL INFORMATION | |
| fixed length control field | 260119b |||||||| |||| 00| 0 eng d |
| 020 ## - INTERNATIONAL STANDARD BOOK NUMBER | |
| International Standard Book Number | 9789715812610 |
| 040 ## - CATALOGING SOURCE | |
| Original cataloging agency | DWCL GS lib |
| Transcribing agency | OC |
| 082 ## - DEWEY DECIMAL CLASSIFICATION NUMBER | |
| Edition number | [First edition] |
| Classification number | Cir. 552 W582 2016 |
| 100 ## - MAIN ENTRY--PERSONAL NAME | |
| Personal name | WHITE, ELLEN G. |
| 245 ## - TITLE STATEMENT | |
| Title | STORY OF HOPE : |
| Remainder of title | A Glimpse Into a Time When Suffering Will Be No More / |
| Statement of responsibility, etc. | ELLEN G. WHITE |
| 260 ## - PUBLICATION, DISTRIBUTION, ETC. | |
| Place of publication, distribution, etc. | Philippines |
| Name of publisher, distributor, etc. | Review and Herald Publishing |
| Date of publication, distribution, etc. | c2016. |
| 300 ## - PHYSICAL DESCRIPTION | |
| Extent | vii, 126 pages: |
| Other physical details | illustrations ; |
| Dimensions | 18cm. |
| 520 ## - SUMMARY, ETC. | |
| Summary, etc. | Drawing on the Bible's accounts, Story of Hope offers a glimpse behind history's curtain. It reveals the origin of evil, some of the ways God has dealt with evil in the past, and His plan for resolving it completely in the near future. |
| 546 ## - LANGUAGE NOTE | |
| Language note | English |
| 650 ## - SUBJECT ADDED ENTRY--TOPICAL TERM | |
| Topical term or geographic name entry element | Hope |
| 700 ## - ADDED ENTRY--PERSONAL NAME | |
| Personal name | ELLEN G. WHITE |
| 942 ## - ADDED ENTRY ELEMENTS (KOHA) | |
| Source of classification or shelving scheme | Dewey Decimal Classification |
| Koha item type | Book Circulation |
| Classification part | Circ. |
| Suppress in OPAC | No |
| 952 ## - LOCATION AND ITEM INFORMATION (KOHA) | |
| -- | |
| Withdrawn status | Lost status | Source of classification or shelving scheme | Damaged status | Not for loan | Home library | Current library | Shelving location | Date acquired | Source of acquisition | Total Checkouts | Full call number | Barcode | Date last seen | Copy number | Price effective from | Koha item type | Uniform Resource Identifier |
|---|---|---|---|---|---|---|---|---|---|---|---|---|---|---|---|---|---|
| Dewey Decimal Classification | Grade School Library | Grade School Library | Circulation | 01/19/2026 | School Fund, Donation | Cir. 552 W582 2016 | 23862 | 01/19/2026 | c1 | 01/19/2026 | BK-CIRC |